MARC

LEADER 00000nam0a2200000 4500
001 19234
005 20231101205246.0
035 |a (RuTPU)RU\TPU\book\19395 
035 |a BOOK00019465 
090 |a 19234 
100 |a 20011209d1991 m y0rusy50 ca 
101 0 |a rus 
102 |a RU 
105 |a y z 000za 
200 1 |a Моя жизнь во Христе  |f Иоанн Кронштадтский 
210 |a Москва  |c Советская Россия  |d 1991 
215 |a 80 с. 
225 1 |a Жизнь во Христе 
600 0 |a Иоанн Кронштадтский  |c в миру Иван Ильич Сергеев  |c российский церковный деятель  |f 1829-1908  |c проповедник  |c духовный писатель  |2 stltpush  |3 (RuTPU)RU\TPU\pers\11380 
610 1 |a религия 
610 1 |a христианство 
610 1 |a православие 
610 1 |a история 
610 1 |a Россия 
686 |a Э372  |v LBC/SL-A  |2 rubbk 
700 0 |a Иоанн Кронштадтский  |c в миру Иван Ильич Сергеев  |c российский церковный деятель  |c проповедник  |c духовный писатель  |f 1829-1908  |2 stltpush  |3 (RuTPU)RU\TPU\pers\11380  |9 2595 
801 0 |a RU  |b 63413507  |c 20011209  |g PSBO 
801 2 |a RU  |b 63413507  |c 20180614  |g PSBO 
942 |c BK